Adjaye Africa Architecture : A Photographic Survey of Metropolitan Architecture /
Na minha lista:
| Autor principal: | |
|---|---|
| Outros Autores: | |
| Formato: | Livro |
| Idioma: | inglês |
| Publicado em: |
London :
Thames & Hudson Ltd,
2011
|
| Edição: | 1. vydanie |
| Assuntos: | |
| Tags: |
Sem tags, seja o primeiro a adicionar uma tag!
|
MARC
| LEADER | 00000nam a22000003a 4500 | ||
|---|---|---|---|
| 001 | 0065067 | ||
| 003 | SK-STU | ||
| 005 | 20190412121305.8 | ||
| 007 | ta | ||
| 008 | 180516s ----xo-----e------000-0-----d | ||
| 020 | |a 978-0-500-28914-3 | ||
| 040 | |a STU |b slo | ||
| 041 | 0 | |a eng | |
| 044 | |a xxk | ||
| 100 | 1 | |a Adjaye, David |4 aut |4 pht | |
| 245 | 1 | 0 | |a Adjaye Africa Architecture : |b A Photographic Survey of Metropolitan Architecture / |c aut. David Adjaye ; ed. Peter Allison |
| 250 | |a 1. vydanie | ||
| 260 | |a London : |b Thames & Hudson Ltd, |c 2011 | ||
| 300 | |a 573 s. ; |b 7 kníh | ||
| 500 | |a Essays ; The Maghreb ; Desert ; The Sahel ; Forest ; Savannah & Grassland ; Mountain & Highveld | ||
| 650 | 0 | 7 | |a urbanizmus a územné plánovanie |
| 650 | 0 | 7 | |a Afrika |
| 650 | 0 | 7 | |a architektúra africká |
| 650 | 0 | 7 | |a mesto |
| 650 | 0 | 7 | |a mestský urbanizmus |
| 700 | 1 | |a Allison, Peter |4 edt | |
| 996 | |b 284AU07507 |c A* 10756/U |l AAKNST |s P |a 0 |w 0065067_0001 | ||